000 00501nam a22001817a 4500
005 20251108173002.0
008 250721s9999 xx 000 0 ara d
082 1 4 _a216.24/عفي
100 1 _aالعفيفى، صه عبد الله
245 1 0 _aحق السائل و المحروم /
264 1 _aد.ن :
_bدار الاعتصام،
300 _a134 ص
650 1 7 _aالزكاة
650 1 7 _aالإسلام
650 1 7 _aالفقة الإسلامي
942 _2ddc
_cBK
999 _c93387
_d93387